| 000 | 00627nam a22001697a 4500 | ||
|---|---|---|---|
| 008 | 160430b xxu||||| |||| 00| 0 eng d | ||
| 082 |
_22008 _aUT 0106 _bM76 |
||
| 100 |
_97096 _aMontaño, Faith Hannah S. |
||
| 245 |
_aLibrary services and the level of satisfaction among UMDB students/ _cFaith Hannah S. Montaño, Roxanne May Madrid, Raymond Lobo and Edwin Galozo. |
||
| 260 |
_aDigos City: _bUMDC _cAugust 2008. |
||
| 300 |
_a37 pages; _c28 cm. |
||
| 650 | 0 |
_97098 _aNursing _xUndergraduate thesis. |
|
| 700 |
_97099 _aMadrid, Roxanne May. |
||
| 700 |
_97100 _aLobo, Raymond. |
||
| 700 |
_97101 _aGalozo, Edwin. |
||
| 942 |
_2ddc _cUT |
||
| 999 |
_c2177 _d2177 |
||